Obálka Náhled e-knihy:
PDF
Pro půjčování e-knih musíte být přihlášeni.
Jak si půjčit online?

Atlas svalů - anatomie /

Ucelený manuál pro fyzioterapeuty, trenéry, tanečníky, pedagogy, sportovce a studenty středních škol.

Uloženo v:
Hlavní autor: Jarmey, Chris, 1954- (Autor)
Další autoři: Sharkey, John, 1961- (Autor), Bradáčová, Kateřina (Autor)
Médium: E-kniha
Jazyk:Czech
Vydáno: Brno : CPress, 2019
Vydání:3. vydání
Témata:
Tagy:
Žádné tagy
LEADER 02747nam a2200553 i 4500
001 311028
003 CZ PrSKC
005 20260601215658.0
007 ta
008 190412s2019 xr a f 001 0 cze
015 |a cnb003088683 
020 |a 9788026425038  |q (vázáno) :  |c Kč 499,00 
035 |a (OCoLC)1104143973 
040 |a OLA001  |b cze  |e rda 
041 1 |a cze  |h eng 
072 7 |a 611  |x Anatomie člověka a srovnávací anatomie  |2 Konspekt 
080 |a 611  |2 MRF 
080 |a 611.73/.74  |2 MRF 
080 |a (084.42)  |2 MRF 
100 1 |a Jarmey, Chris,  |d 1954-  |7 xx0066475  |4 aut 
240 1 0 |a Concise book of muscles.  |l Česky 
245 1 0 |a Atlas svalů - anatomie /  |c Chris Jarmey, John Sharkey ; překlad: Kateřina Bradáčová 
250 |a 3. vydání 
264 1 |a Brno :  |b CPress,  |c 2019 
300 |a 240 stran :  |b barevné ilustrace ;  |c 25 cm 
336 |a text  |b txt  |2 rdacontent 
336 |a statický obraz  |b sti  |2 rdacontent 
337 |a bez média  |b n  |2 rdamedia 
338 |a svazek  |b nc  |2 rdacarrier 
500 |a Přeloženo z angličtiny 
500 |a Obálkový podnázev: s nejnovějšími poznatky z anatomie a biomechaniky 
500 |a Údaj o vydání uveden chybně, správně je uvedeno vydání v tiráži: 1. vydání 
504 |a Obsahuje bibliografii a rejstřík 
520 2 |a Ucelený manuál pro fyzioterapeuty, trenéry, tanečníky, pedagogy, sportovce a studenty středních škol.  |b Čtenářsky přívětivá příručka obsahuje důležité informace o hlavních kosterních svalech, které jsou nezbytné pro sport, tanec, zručnost i posilování. Atlas, bohatý na názorné anatomické ilustrace, je doplněn o latinskou terminologii a přehledně představuje jednotlivé svalové skupiny i moderní poznatky o roli svalů a pojivové tkáně v přenosu síly i při pohybu. 
521 8 |a Určeno pro studenty, fyzioterapeuty, sportovce, tanečníky, trenéry 
650 0 7 |a anatomie člověka  |7 ph118421  |2 czenas 
650 0 7 |a svalová soustava  |7 ph135050  |2 czenas 
650 0 9 |a human anatomy  |2 eczenas 
650 0 9 |a muscular system  |2 eczenas 
655 7 |a atlasy  |7 fd131835  |2 czenas 
655 9 |a atlases  |2 eczenas 
700 1 |a Sharkey, John,  |d 1961-  |7 ola20191033279  |4 aut 
700 1 |a Bradáčová, Kateřina  |4 trl 
900 |a ABA001  |b 20 
928 9 |a Albatros Media - CPress 
044 |a xr 
910 |a RBIT002 
998 |d 184537  |a https://core.palmknihy.cz/api/books/184537/cover?ppsg46  |b https://core.palmknihy.cz/api/books/184537/cover/400?ppsg46  |c https://core.palmknihy.cz/api/books/184537/cover/50?ppsg46  |e 2027-03-11  |g 240  |i 9788026425038  |k https://core.palmknihy.cz/api/books/184537/preview.pdf  |l   |q 49  |r 1  |s https://www.palmknihy.cz/kniha/184537  |t ebook  |y 2019  |z 0 
999 |d 311026